00512nam a2200181 a 450008200130000010000200001324500180003326000320005130000090008350000350009250500190012765000210014665000270016770000200019494200070021495200940022199900150031500a189bFRE aFremantle, Anne aAge of Belief aNew YorkbMentor Bookc1960 a218p aincludes index and biblioraphy2 aIndex of Names aSaints-Christian aPhilosophical-Theology1 aFremantle, Anne cBK 00104070aHMIbHMId2007-06-20g100.00l0o189 FREp011054r2007-06-20w2026-01-16yBK c8335d8335